B33_小学校3年生で習う漢字で書けるようになる市区町村 - Statistics

General Stats
  • This quiz has been taken 9 times
  • The average score is 191 of 222
Answer Stats
都道府県名 種類 市町村名 % Correct
東京都 青ヶ島村
100%
北海道 赤平市
100%
東京都 昭島市
100%
北海道 安平町
100%
東京都 大島町
100%
北海道 小平町
100%
岐阜県 神戸町
100%
兵庫県 神戸市
100%
東京都 小平市
100%
静岡県 島田市
100%
長崎県 島原市
100%
山梨県 昭和町
100%
福島県 | 群馬県 昭和村
100%
和歌山県 新宮市
100%
福岡県 新宮町
100%
鹿児島県 十島村
100%
福島県 中島村
100%
東京都 新島村
100%
兵庫県 西宮市
100%
青森県 平川市
100%
長崎県 平戸市
100%
北海道 深川市
100%
埼玉県 深谷市
100%
埼玉県 | 宮城県 | 熊本県 美里町
100%
静岡県 三島市
100%
福島県 三島町
100%
鹿児島県 三島村
100%
長崎県 南島原市
100%
長野県 宮田村
100%
和歌山県 和歌山市
100%
兵庫県 相生市
86%
和歌山県 有田川町
86%
和歌山県 有田市
86%
佐賀県 有田町
86%
群馬県 安中市
86%
岐阜県 安八町
86%
徳島県 板野町
86%
東京都 特別区 板橋区
86%
愛知県 一宮市
86%
千葉県 一宮町
86%
福岡県 糸島市
86%
鹿児島県 指宿市
86%
鳥取県 岩美町
86%
高知県 馬路村
86%
北海道 遠軽町
86%
茨城県 小美玉市
86%
富山県 小矢部市
86%
徳島県 海陽町
86%
福井県 勝山市
86%
大阪府 門真市
86%
徳島県 上板町
86%
徳島県 上勝町
86%
愛媛県 上島町
86%
徳島県 神山町
86%
静岡県 川根本町
86%
大阪府 岸和田市
86%
長野県 北相木村
86%
福岡県 北九州市
86%
徳島県 北島町
86%
愛知県 北名古屋市
86%
北海道 北広島市
86%
広島県 北広島町
86%
京都府 京都市
86%
富山県 黒部市
86%
静岡県 湖西市
86%
青森県 五所川原市
86%
長崎県 五島市
86%
滋賀県 湖南市
86%
宮崎県 西都市
86%
香川県 坂出市
86%
山形県 酒田市
86%
広島県 坂町
86%
埼玉県 坂戸市
86%
埼玉県 幸手市
86%
神奈川県 寒川町
86%
山口県 山陽小野田市
86%
愛媛県 四国中央市
86%
新潟県 新発田市
86%
大阪府 島本町
86%
岡山県 勝央町
86%
香川県 小豆島町
86%
長崎県 新上五島町
86%
東京都 特別区 新宿区
86%
広島県 神石高原町
86%
高知県 宿毛市
86%
岩手県 住田町
86%
愛媛県 西予市
86%
東京都 特別区 世田谷区
86%
福島県 相馬市
86%
滋賀県 高島市
86%
千葉県 館山市
86%
岩手県 田野畑村
86%
長野県 千曲市
86%
千葉県 千葉市
86%
東京都 特別区 中央区
86%
山梨県 中央市
86%
東京都 特別区 千代田区
86%
群馬県 千代田町
86%
長崎県 対馬市
86%
宮崎県 都農町
86%
山形県 天童市
86%
三重県 東員町
86%
愛媛県 東温市
86%
高知県 東洋町
86%
鳥取県 鳥取市
86%
茨城県 取手市
86%
青森県 十和田市
86%
香川県 直島町
86%
鹿児島県 長島町
86%
長野県 長和町
86%
愛知県 名古屋市
86%
宮城県 名取市
86%
山梨県 | 青森県 | 鳥取県 南部町
86%
山形県 南陽市
86%
島根県 西ノ島町
86%
青森県 西目屋村
86%
愛知県 日進市
86%
神奈川県 二宮町
86%
長野県 根羽村
86%
北海道 根室市
86%
東京都 特別区 練馬区
86%
神奈川県 箱根町
86%
青森県 階上町
86%
岐阜県 羽島市
86%
和歌山県 橋本市
86%
岡山県 早島町
86%
神奈川県 葉山町
86%
茨城県 坂東市
86%
山形県 東根市
86%
広島県 東広島市
86%
東京都 東大和市
86%
北海道 美深町
86%
富山県 氷見市
86%
宮崎県 日向市
86%
山口県 平生町
86%
福島県 平田村
86%
北海道 平取町
86%
青森県 平内町
86%
長野県 平谷村
86%
広島県 広島市
86%
岩手県 洋野町
86%
福島県 福島市
86%
北海道 福島町
86%
京都府 福知山市
86%
広島県 福山市
86%
東京都 福生市
86%
千葉県 船橋市
86%
群馬県 前橋市
86%
岡山県 真庭市
86%
山形県 真室川町
86%
東京都 特別区 港区
86%
長野県 南相木村
86%
鹿児島県 南九州市
86%
福島県 南相馬市
86%
徳島県 美波町
86%
岡山県 美作市
86%
徳島県 美馬市
86%
岩手県 宮古市
86%
沖縄県 宮古島市
86%
埼玉県 宮代町
86%
広島県 三次市
86%
京都府 向日市
86%
三重県 | 群馬県 明和町
86%
福島県 本宮市
86%
大阪府 守口市
86%
茨城県 守谷市
86%
滋賀県 守山市
86%
栃木県 矢板市
86%
島根県 安来市
86%
高知県 安田町
86%
千葉県 八千代市
86%
茨城県 八千代町
86%
熊本県 八代市
86%
岐阜県 山県市
86%
神奈川県 大和市
86%
鹿児島県 大和村
86%
奈良県 大和高田市
86%
熊本県 山都町
86%
山梨県 山中湖村
86%
福島県 湯川村
86%
福岡県 行橋市
86%
熊本県 湯前町
86%
秋田県 横手市
86%
北海道 礼文町
86%
青森県 六ヶ所村
86%
山口県 和木町
86%
岡山県 和気町
86%
埼玉県 和光市
86%
三重県 度会町
86%
北海道 和寒町
86%
長野県 生坂村
71%
秋田県 大館市
71%
埼玉県 春日部市
71%
埼玉県 神川町
71%
岩手県 軽米町
71%
埼玉県 川島町
71%
長野県 木島平村
71%
和歌山県 九度山町
71%
愛知県 幸田町
71%
大分県 九重町
71%
秋田県 小坂町
71%
宮城県 七ヶ宿町
71%
東京都 特別区 品川区
71%
宮城県 大和町
71%
群馬県 館林市
71%
宮城県 登米市
71%
千葉県 流山市
71%
熊本県 和水町
71%
北海道 東神楽町
71%
熊本県 氷川町
71%
沖縄県 本部町
71%
福島県 矢祭町
71%
北海道 長万部町
57%
群馬県 神流町
57%
奈良県 高取町
57%
北海道 古平町
57%
No matching quizzes found
Score Distribution
Percent of People with Each Score
Percentile by Number Answered
Your Score History
You have not taken this quiz